000 00534nam a2200181Ia 4500
008 151121s9999||||xx |||||||||||||| ||und||
082 _a817/बुवा
082 _bHNW-50940
100 _aबुवा वि। अ।
245 _aभालू देशपांडे
260 _c--
300 _a103
600 _aबुवा वि। अ।
630 _aभालू देशपांडे
700 _aबुवा वि। अ।
730 _aभालू देशपांडे
942 _cBOOK
999 _c1235431
_d1235428